| 000 | 01027 a2200217 4500 | ||
|---|---|---|---|
| 003 | Nust | ||
| 005 | 20221125095258.0 | ||
| 010 | _a 84021803 | ||
| 020 | _a47104640x | ||
| 040 | _cNust | ||
| 082 | 0 | 0 | _a530,BAL |
| 100 | 1 |
_a Ballif , Jae R _9103566 |
|
| 245 | 1 | 0 |
_aConceptual physics / _c Jae .R Ballif |
| 260 |
_a New York _b Wiley |
||
| 300 |
_axx, 637 p. : _bill. ; _c25 cm. |
||
| 505 | _aThe First Law of Motion and the Special Principle of Relativity (Page-1), The Second Law of Motion (Page-63), The Third Law of Motion (Page-99), Gravitational Interactions (Page-121), Further Applications of the Laws of Force and Motions (Page-177), Conservation of Energy (Page-237), Molecular Order and Chaos (Page-275), Electric Charge and Fields (Page-309), Waves (Page-351), Modern Relativity (Page-391), Quantum Physics (Page-447), The Nuclear Forces (Page-493), System of the World , Modern View (Page-531). | ||
| 650 | 0 | _aPhysics. | |
| 700 | 1 |
_aHewitt, Paul G. _98811 |
|
| 740 | 0 | _aPhysics. | |
| 942 |
_2ddc _cBK _k530,BAL |
||
| 999 |
_c181695 _d181695 |
||